Winter of Our Discontent... Quiz Stats

 Plays Quiz Updated Mar 12, 2020

Support Sporcle.
Go Orange.
Score 0/297 Timer 08:00
0 Plays Today
% Correct
the
97.5%
the
97.5%
the
97.5%
the
97.5%
the
97.5%
the
97.5%
I
96%
I
96%
I
96%
I
96%
of
94.2%
of
94.2%
a
89.2%
a
89.2%
a
89.2%
that
84.7%
he
82.6%
this
82.1%
the
81.4%
'G'
81%
Now
80.6%
by
78%
and
77.2%
and
77.2%
and
77.2%
and
77.2%
and
77.2%
and
77.2%
and
77.2%
and
77.2%
to
75.9%
in
74.5%
in
74.5%
and
72.9%
to
72.5%
to
72.5%
to
72.5%
sun
68.4%
that
68.2%
be
67.9%
be
67.9%
be.
67.9%
before
65.6%
on
64.5%
and
63.8%
summer
62.2%
of
62%
am
61.3%
am
61.3%
changed
59.7%
my
58.9%
nymph;
58.1%
up,
57.3%
king
56.9%
King
56.9%
by
56.6%
a
56.1%
me
56%
discontent
55.7%
as
55.7%
as
55.7%
in
55%
now,
54.8%
this
52.7%
our
51.9%
of
51.4%
for
50.2%
this
49%
of
48.9%
clouds
48.9%
have
48.8%
majesty
47.8%
I
46.6%
if
45.8%
day
45.5%
no
44.4%
his
44.1%
into
43.1%
shall
42.3%
York;
42.1%
the
42%
am
41.9%
fright
41.9%
in
41.8%
and
41.6%
my
41.5%
the
41%
the
40.6%
halt
40.5%
to
40.4%
is
40.4%
these
40.3%
these
40.3%
of
40.1%
the
40.1%
the
39.8%
of
39.8%
Nor
39.8%
our
39.7%
% Correct
I,
39.6%
I,
39.4%
of
39.4%
I,
39.2%
of
39%
one
38.9%
our
38.9%
of
38.7%
Edward
38.6%
I,
38.5%
mine
38.4%
the
37.9%
this
37.9%
our
37.8%
days,
37.5%
days.
37.5%
of
37.4%
winter
37%
our
37%
Now
36.9%
clarence
36.2%
Clarence
36.2%
cannot
36%
our
35.9%
lamely
35.5%
brother
35.5%
a
35.4%
villain
35.2%
a
34.9%
lascivious
34.3%
lover,
34.3%
fair
34%
that
33.7%
and
33.6%
hate
33.5%
hate
33.5%
should
33%
love's
32.9%
this
32.8%
in
32.8%
prove
32.7%
prove
32.7%
that
32.3%
sun
32.2%
to
32.1%
to
31.8%
since
31.6%
and
31.6%
own
31.4%
which
31.4%
bosom
31.3%
made
31.2%
an
31.1%
just
31%
other:
30.9%
to
30.9%
glorious
30.8%
unfashionable
30.8%
determined
30.8%
made
30.7%
by
30.5%
to
30.4%
made
30.3%
time,
30.3%
by
30.3%
against
30.1%
shadow
29.6%
well-spoken
29.5%
deformity;
29.4%
to
29.1%
for
28.9%
so
28.9%
Plots
28.9%
that
28.8%
murderer
28.3%
to
28.3%
that
28.3%
laid,
28.2%
true
28%
that
27.6%
descant
27.5%
nimbly
27.4%
am
27.3%
pleasures
27.2%
all
27.1%
idle
26.9%
am
26.9%
prophecy,
26.7%
at
26.5%
not
26.1%
therefore,
26%
Edward's
25.9%
heirs
25.9%
up,
25.8%
my
25.7%
before
25.6%
dogs
25.6%
treacherous,
25.4%
up
25.3%
% Correct
lour'd
25.3%
bruised
25%
false
25%
deadly
24.8%
are
24.6%
house
24.4%
set
24.1%
subtle,
23.9%
away
23.9%
prophecies,
23.8%
about
23.6%
says
23.6%
deep
23.6%
entertain
23.4%
time
23.2%
mew'd
22.9%
amorous
22.8%
upon
22.7%
buried.
22.7%
as
22.7%
dangerous,
22.4%
ocean
22.3%
chamber
22.3%
But
22.3%
drunken
22.1%
hung
22.1%
bound
22%
with
22%
fearful
21.7%
dreams,
21.7%
them;
21.6%
want
21.6%
inductions
21.6%
have
21.4%
wanton
20.9%
war
20.6%
time
20.6%
steeds
20.3%
lute.
20.3%
pleasing
20.2%
peace,
20.1%
meetings,
19.9%
shaped
19.9%
looking-glass;
19.8%
victorious
19.7%
libels
19.6%
court
19.6%
closely
19.6%
souls
19.4%
lady's
19.4%
hath
19.3%
monuments;
19.2%
Grim-visaged
19.2%
instead
19.1%
arms
19.1%
world,
18.6%
barbed
18.4%
wrinkled
18.3%
adversaries,
18.2%
strut
18.1%
tricks,
18.1%
delightful
18%
spy
18%
bark
18%
why,
17.7%
front;
17.6%
sportive
17.6%
alarums
17.6%
scarce
17.5%
merry
17.5%
wreaths;
17.5%
pass
17.1%
stamp'd,
17%
dreadful
16.8%
brows
16.7%
capers
16.6%
mounting
16.3%
stern
16.3%
breathing
16.1%
delight
16.1%
half
15.7%
fair
15.7%
smooth'd
15.6%
weak
15.4%
measures.
15.3%
marches
15.2%
nature,
15.2%
ambling
15.1%
sent
15.1%
rudely
14.8%
deformed,
14.6%
unless
14.2%
unfinish'd,
13.9%
dissembling
13.6%
piping
13.4%
feature
12.8%
proportion,
12.5%
cheated
12.2%
curtail'd
12%

From the Vault

SNL Cast Members

by PaulyVercillo

Enough not ready for prime-time players to fill a football team or two.
Remove Ads.
Support Sporcle.
Get the best of Sporcle when you Go Orange. This ad-free experience offers more features, more stats, and more fun while also helping to support Sporcle. Thank you for becoming a member.

Show Comments

Extras

Top Quizzes Today


Score Distribution

Your Account Isn't Verified!

In order to create a playlist on Sporcle, you need to verify the email address you used during registration. Go to your Sporcle Settings to finish the process.

Report this User

Report this user for behavior that violates our Community Guidelines.

Details: